[Event "London Classic 2nd"]
[Site "London"]
[Date "2010.12.10"]
[Round "3"]
[White "Nakamura, Hikaru"]
[Black "Howell, David"]
[Result "1/2-1/2"]
[WhiteElo "2741"]
[BlackElo "2611"]
[Annotator "Krasenkow,M"]
[PlyCount "83"]
[EventDate "2010.12.06"]
[EventType "tourn"]
[EventRounds "7"]
[EventCountry "ENG"]
[EventCategory "19"]
[SourceTitle "CBM 140"]
[Source "ChessBase"]
[SourceDate "2011.01.18"]
[SourceVersion "1"]
[SourceVersionDate "2011.01.18"]
[SourceQuality "1"]

1. d4 Nf6 2. c4 g6 3. g3 Bg7 4. Bg2 d5 5. cxd5 Nxd5 6. e4 Nb6 7. Ne2 O-O 8. O-O
c5 9. d5 e6 10. Nec3 Na6 11. a4 Nb4 {This move was introduced by Kasparov in
his blitz match vs. Karpov. The present game is its maiden test at the
"serious" level.} (11... exd5 12. exd5 Bf5 {is usually played here; however,
White has an interesting possibility:} 13. g4 $5 (13. Na3 Nb4 {is the main
line, quite satisfactory for Black}) 13... Bd7 14. Nd2 $1 f5 (14... Qh4 15. h3
f5 16. Nf3 Qd8 17. Ng5 fxg4 18. Ne6 $1 Bxe6 19. dxe6 Qxd1 20. Rxd1 Rae8 21. a5
$16 {1-0 Jirka,J (2202)-Bernasek,J (2164)/Chudenice 2000/EXT 2003 (40)}) 15. a5
Nc8 16. Nc4 $1 fxg4 17. Be3 (17. Ne4 $143 Bb5 18. Bg5 Qd7 19. Rc1 Bxc4 20. Rxc4
Nd6 21. Nxd6 Qxd6 22. Re4 Rae8 $13 {1/2 Chiburdanidze,M (2525)-Krupkova,P 
(2315)/Elista 1998/CBM 066 ext (44)}) (17. d6 $5) 17... Qh4 (17... Rb8 $5) 18.
d6 Rb8 19. Qd5+ Kh8 20. Ne5 Bc6 21. Nxc6 bxc6 22. Qe6 $16 {1-0 Bukal,V (2390)
-Fercec,N (2491)/Rijeka CRO 2010/The Week in Chess 837 (44)}) 12. Be3 (12. Na3
exd5 13. exd5 Bf5 {transposes into the 11...exd5 line, Black having avoided
the dangerous 13.g4 - see above.}) 12... Bd4 13. Bxd4 cxd4 14. Na2 (14. Nb5 $5
exd5 (14... e5 15. a5 Bd7 16. N1a3 Nc8 {0-1 Karpov,A (2619)-Carlsen,M (2801)/
Moscow 2009/EXT 2010 (32)} (16... Nc4 $5 $14) 17. Qb3 $16) 15. a5 Nc4 16. exd5
Bd7 17. N5a3 Qxa5 18. Qxd4 Nd6 19. Nd2 Qb6 20. Qxb6 axb6 21. Ndc4 Nxc4 22. Nxc4
$14 {1/2 Karpov,A (2619)-Kasparov,G (2812)/Valencia 2009/CBM 132 Extra (25)})
14... Nxa2 15. Rxa2 e5 {Black has no better option. The resulting position is
rather favorable for White due to the poor position of the black pieces,
especially the b6 knight.} (15... exd5 16. a5 $1 Nd7 17. exd5 $16 {[%csl Rd4]})
16. b3 $1 $146 {[%csl Rb6][%mdl 8]} (16. Nd2 $143 {[%csl Ra2]} a5 17. Qb3 Qd6
18. f4 f6 19. fxe5 fxe5 20. Rxf8+ Kxf8 21. Nf3 Nd7 $11 {0-1 Karpov,A (2619)
-Kasparov,G (2812)/Valencia 2009/CBM 132 Extra (36)}) 16... Bd7 17. f4 f6 18.
Raf2 Qe7 19. a5 Nc8 20. fxe5 Qxe5 $14 {[%csl Rd4] A typical picture: White has
transformed his temporary advantage into a permanent plus, however, far from a
decisive one.} 21. Nd2 Nd6 {[%csl Gd6]} 22. Nf3 $1 (22. Re1 {[%cal Rd2f3]} d3
$1 23. Nc4 Nxc4 24. bxc4 Qc3 $11) 22... Qxe4 23. Re2 (23. Nxd4 Qe3 $1 24. Re1
Qc3 {, and Black should hold on due to his blockading d6 knight.}) 23... Qxd5
24. Ne5 Qxe5 (24... Qb5 25. Nxd7 Qxd7 26. Qxd4 {is clearly better for White
due to his strong bishop.}) 25. Rxe5 fxe5 {Materially Black is OK but his
pawns are quite weak so White keeps up the pressure.} 26. Bd5+ $6 (26. a6 $5
Bc6 27. Bxc6 bxc6 28. Qc2 {may give White some more winning chances.}) 26...
Kg7 27. a6 Bc6 28. Rxf8 Rxf8 29. Qe1 {looks attractive but Black sets up an
unassailable fortress.} Bxd5 30. Qxe5+ Rf6 31. Qxd5 bxa6 32. Qxd4 h5 33. Qxa7+
Nf7 34. h4 Kg8 35. Qe7 Kg7 36. b4 Rf5 37. Qc7 Rf6 38. Kg2 Kg8 39. Qc8+ Kg7 40.
Qc7 Kg8 41. Qc8+ Kg7 42. Qc7 {In conclusion: 11...Nb4 doesn't guarantee Black
equal chances.} 1/2-1/2

[Event "Tata Steel-A 73rd"]
[Site "Wijk aan Zee"]
[Date "2011.01.21"]
[Round "6"]
[White "L'Ami, Erwin"]
[Black "Nakamura, Hikaru"]
[Result "0-1"]
[WhiteElo "2628"]
[BlackElo "2751"]
[Annotator "CB"]
[PlyCount "86"]
[EventDate "2011.01.14"]
[EventType "tourn"]
[EventRounds "13"]
[EventCountry "NED"]
[EventCategory "20"]
[SourceTitle "CBM 141"]
[Source "ChessBase"]
[SourceDate "2011.03.17"]
[SourceVersion "1"]
[SourceVersionDate "2011.03.17"]
[SourceQuality "1"]

1. d4 Nf6 2. c4 e6 3. Nc3 Bb4 4. Qc2 O-O 5. a3 Bxc3+ 6. Qxc3 b5 7. cxb5 c6 8.
Bg5 cxb5 9. e3 Bb7 10. Nf3 h6 11. Bh4 a6 12. Bd3 d6 13. O-O Nbd7 14. Rfc1 Qb6
15. Qc7 (15. Bg3 Nh5 16. Qc7 Nxg3 17. Qxd7 Nh5 18. Qc7 Qxc7 19. Rxc7 Rab8 20.
Rac1 Nf6 21. Nd2 Rfc8 22. Nb3 Kf8 23. Na5 Ne8 24. R7c3 Ke7 25. f3 Kd7 26. Kf2
Rc7 27. e4 Ba8 28. Ke3 Rbc8 29. Rxc7+ Nxc7 {1/2-1/2 Wang Yue (2689)-Mamedyarov,
S (2752)/Baku 2008/CBM 124 (48)}) 15... Rfc8 16. Qxb6 Nxb6 17. Bg3 Rxc1+ 18.
Rxc1 Rc8 19. Rxc8+ Nxc8 20. h3 Ne4 21. Bh2 Kf8 22. Ne1 {#This imprecision may
seem almost innocuous, but it allows Hikaru to his opponent far more trouble
than you'd think. The problem stems simply from two immediate factors, the
white squares on the queenside and Black's numerical advantage. With the white
king temporarily restrained and the bishop locked away on h2, it is a 3-2
fight.} Nd2 $1 23. f3 f5 24. Nc2 Ke7 25. Kf2 Nb6 26. Ke2 Nb3 27. Nb4 Na5 28.
Bc2 Nac4 29. Nd3 a5 30. Bg3 Nd5 31. Bf2 g5 32. g4 {#} a4 $1 {Inch by inch
Nakamura has been weeding his way in and gaining space on both sides of the
board. By fixing the panws on a3-b2, he not only robs the biship of a square,
but not forces L'Ami to constantly check tactics there as the sacrificial
motifs abound.} 33. e4 fxe4 34. fxe4 Ndb6 {#There is only one way to avoid
losing, can you find it? It is not easy frankly, and no doubt the Dutch GM was
also short of time.} 35. e5 $2 {Alas this doesn't do it, and Kf3 fails to Nd2+.
} ({The move is} 35. d5 $1 {The idea is that after} exd5 {White has the
resource} 36. e5 $3 dxe5 37. Nxe5 $1 Nxe5 38. Bxb6 {and White's bishop pair
combined with Black's bad bishop compensates the extra pawn. After the bishop
goes to d4 there will be no chance of winning as Bg7 will always be threatened.
}) 35... Be4 36. exd6+ Kxd6 37. Bg3+ Ke7 38. Kd1 Bxd3 39. Bxd3 Nxb2+ 40. Ke2
Nd5 41. Be4 (41. Bxb5 Nc3+) 41... Nc3+ 42. Kf3 b4 43. Be1 Nbd1 0-1

[Event "Amber-rapid 20th"]
[Site "Monte Carlo"]
[Date "2011.03.13"]
[Round "2"]
[White "Aronian, Levon"]
[Black "Nakamura, Hikaru"]
[Result "1/2-1/2"]
[WhiteElo "2808"]
[BlackElo "2774"]
[Annotator "Krasenkow,M"]
[PlyCount "106"]
[EventDate "2011.03.12"]
[EventType "tourn (rapid)"]
[EventRounds "11"]
[EventCountry "MNC"]
[EventCategory "21"]
[SourceTitle "CBM 142"]
[Source "ChessBase"]
[SourceDate "2011.05.17"]
[SourceVersion "1"]
[SourceVersionDate "2011.05.17"]
[SourceQuality "1"]

1. d4 Nf6 2. c4 g6 3. Nc3 Bg7 4. e4 d6 5. Bd3 O-O 6. Nge2 Nc6 7. O-O e5 8. d5
Nd4 9. Nxd4 exd4 10. Nb5 Re8 11. Re1 Ng4 12. h3 a6 13. hxg4 axb5 14. cxb5 Qh4
15. g3 Qxg4 16. Qxg4 Bxg4 17. Bf4 $146 {[%cal Rb5b6][%mdl 8] A new and
original idea in this well-known theoretical position. However, Black finds a
good reply.} (17. Kg2 {is played automatically, and it is not easy for Black
to equalise, due to White's potential passed a-pawn, e.g.} f5 $1 (17... Bd7 18.
a4 f5 19. f3 fxe4 20. fxe4 Bf6 21. Bd2 g5 22. Rec1 Rec8 23. Rh1 Re8 24. a5 $16
{1-0 Godard,M (2344)-Hamdouchi,H (2609)/Marrakesh 2010/CBM 137 Extra (36)}) 18.
a4 (18. f3 $6 fxe4 19. fxe4 (19. Rxe4 Bf5 20. Rxe8+ Rxe8 21. Bxf5 gxf5 22. Kf2
d3 23. Be3 Re5 (23... Ra8 $5 $15) 24. a4 Rxd5 25. Rb1 Re5 26. Rd1 Rd5 27. Rb1
Re5 {1/2 Del Rey,D (2340)-Strikovic,A (2445)/La Coruna 1995/EXT 1997}) 19...
Rf8 20. a4 b6 21. Rf1 Rxf1 22. Bxf1 Be5 23. b4 d3 24. Ra2 (24. Ra3 $2 Bb2 $1
25. Bxb2 d2 26. Rd3 d1=Q 27. Rxd1 Bxd1 $19 {0-1 Sagalchik,G (2475)-Lesiege,A 
(2375)/New York 1992/TD (39)}) 24... Bc3 25. Bxd3 Bxb4 $15) 18... fxe4 19. Rxe4
(19. Bxe4 $5 d3 (19... Bd1 $6 20. Rxd1 Rxe4 21. Bf4 g5 $6 (21... b6 22. b3 $14)
22. Kf3 Re7 23. Bxg5 Re5 24. Bf4 Rxd5 25. Rdc1 $16 {1-0 Aleksandrov,A (2530)
-Zaitsev,I (2415)/Voskresensk 1993/CBM 038 (55)}) 20. f3 Bd7 21. Ra3 Ra7 22. b3
Bc3 23. Rd1 d2 24. Bxd2 Bxd2 25. Rxd2 Bxb5 26. Ra1 Re7 27. Rc2 Be8 28. a5 Bb5
29. b4 $14 {1/2 Dumitrache,D (2400)-Istratescu,A (2450)/Romania 1992/EXT 1997 
(68)}) 19... Rxe4 20. Bxe4 Be2 21. Ra3 Kf7 (21... d3 $6 22. a5 d2 23. Bxd2 Bxb5
24. b4 (24. Rb3 Ba6 25. Bd3 Bxd3 26. Rxd3 b6 27. b4 $14) 24... Bf6 25. Bd3 Be8
26. b5 Bd4 27. Be3 Bxe3 28. fxe3 Kf8 29. Kf3 $16 {1/2 Olafsson,H (2525)
-Damljanovic,B (2565)/Sochi 1988/TD (41)}) (21... b6 22. f3 Bd1 23. b3 Be2 24.
Kf2 d3 25. b4 d2 26. Bxd2 Bxb5 27. a5 $14 {1-0 Marin,M (2515)-Llanos,G (2340)/
Badalona 1993/EXT 2000 (42)}) 22. f3 (22. Bf3 Bc4 $13) 22... h5 23. Kf2 d3 24.
a5 d2 $5 (24... h4 $2 25. gxh4 Bf6 26. Kg3 $18 {1-0 Jussupow,A (2645)-Ehlvest,
J (2445)/Minsk 1987/URS-ch/[Chekhov] (40)}) 25. Bxd2 Bxb5 26. Bc3 $1 $14 (26.
Rb3 Bd4+ 27. Kg2 Ba6 28. Bd3 $140 Re8 $1)) 17... Bf3 18. b6 g5 $1 19. Bxg5 Re5
20. Bh4 cxb6 {[%csl Gf3] Black's pawns are totally destroyed but his f3-bishop
dominates the board.} 21. Rac1 (21. a4 $5) 21... Rae8 (21... Bh6 $5 22. Rc7
Rxa2 23. g4 (23. Bf6 Rh5) 23... Rxb2 24. Bf6 Re8 25. Bxd4 Rd2 26. Be3 Rxd3 27.
Bxh6 Bxg4 28. Kg2 Bh5 $11) 22. Bb5 Rf8 23. Bd3 Bh6 24. Rc4 f5 25. Rxd4 fxe4 26.
Rexe4 $6 (26. Bxe4 $142 Rfe8 27. Bxf3 Rxe1+ 28. Kg2 $44) 26... Bxe4 27. Bxe4
Bc1 $1 28. Rc4 Bxb2 29. f3 Ba3 $17 30. Rc7 Rf7 31. Rc8+ Kg7 32. g4 Rxe4 33.
fxe4 Rf4 {[%mdl 4096]} 34. Rc7+ Kg6 35. Kg2 Rxg4+ 36. Bg3 Rxe4 37. Rxb7 Rb4 38.
Kf3 Rb5 39. Bf2 Rxd5 40. Rxb6 Kf5 41. Rb3 Ra5 42. Be1 Ra4 43. Bf2 Bc5 $2 {
The rook endgame proves to be drawn.} (43... Bc1 $17 44. Rd3 $140 Bf4) 44. Bxc5
dxc5 45. Rb5 $1 Rc4 (45... Ra3+ 46. Ke2 Rxa2+ 47. Kd3 $11 {_|_}) 46. a4 Rc3+
47. Ke2 Ke4 48. a5 c4 49. Rh5 Rc2+ 50. Kd1 Ra2 51. Rxh7 Rxa5 52. Kc2 c3 53.
Rh4+ Kf3 1/2-1/2

[Event "Amber-rapid 20th"]
[Site "Monte Carlo"]
[Date "2011.03.15"]
[Round "4"]
[White "Gashimov, Vugar"]
[Black "Nakamura, Hikaru"]
[Result "0-1"]
[WhiteElo "2746"]
[BlackElo "2774"]
[Annotator "Mekhitarian,K"]
[PlyCount "152"]
[EventDate "2011.03.12"]
[EventType "tourn (rapid)"]
[EventRounds "11"]
[EventCountry "MNC"]
[EventCategory "21"]
[SourceTitle "CBM 142"]
[Source "ChessBase"]
[SourceDate "2011.05.17"]
[SourceVersion "1"]
[SourceVersionDate "2011.05.17"]
[SourceQuality "1"]

1. e4 e6 2. d4 d5 3. Nc3 Nf6 4. Bg5 Bb4 5. e5 h6 6. Be3 $5 {Together with Bc1,
this is one of the alternatives becoming more fashionable than the old Bd2.
Black has to be careful and ready to fight in all the crazy lines. Naturally,
this is not an issue for the two highly creative players involved in this game.
} Ne4 7. Qg4 g6 {One of the possible choices:} (7... g5 $5 8. a3 h5 9. Qd1
Bxc3+ (9... Nxc3 10. Qd2 $13 {isn't chess lovely?}) 10. bxc3 $13) (7... Kf8 8.
a3 (8. Bd3 Nxc3 9. Bd2 Nxa2 10. c3 Nxc3 11. bxc3 Be7 12. h4 $44 {with kingside
possibilities}) 8... Bxc3+ 9. bxc3 c5 10. Bd3 Nxc3 (10... Qa5 $2 11. Ne2 cxd4
12. Bxd4 Nc6 13. O-O $16) 11. dxc5 Nc6 12. Nf3 f5 {is the main line, when
Black apparently is not facing real trouble:} 13. Qh5 Qe8 14. Qh3 Kg8 $13) 8.
a3 Bxc3+ 9. bxc3 Nxc3 (9... c5 10. Bd3 h5 11. Qf4 g5 12. Qf3 Nxc3 13. dxc5 $13
{similar to the 'main line' starting with 7...Kf8, but now Black has the K on
e8, and advanced pawns on the kingside. Again, the position remains unclear.})
10. Bd3 b6 $5 {Nakamura choses a rare continuation. Black is trying to
exchange light-squared bishops, reducing the direct attack against his king.}
11. h4 Ba6 12. h5 g5 13. f4 gxf4 14. Bxf4 $5 {Gashimov prefers to keep the
tension with the queens instead of:} (14. Qg7 $5 {was seen in 2006} Kd7 15.
Qxf7+ Qe7 16. Qxe7+ Kxe7 17. Bxf4 $14 {Naiditsch,A (2657)-Stellwagen,D (2573)
Corus-B Wijk aan Zee 2006 (1) 1-0 with a slight plus for White, since Black
has to be watching his h6-weakness. White eventually won convincingly.}) 14...
Kd7 $1 {A strong idea, that will be clear soon:} 15. Bd2 Ne4 16. Bxe4 dxe4 17.
Qxe4 Kc8 $1 {Now the black king is looking safe, and in practice White's
position seems much harder to play already, since it's not clear where is his
king will stay in the middle of the chaos.} 18. Nf3 Bb7 19. Qf4 Rh7 (19... Bd5
$5 {avoiding the queenside advance} 20. Qxf7 (20. Rc1 $1 Bc4 $1 21. Qxf7 Kb7
$44 {Now the B is a little bit misplaced on c4, but once again there's a good
compensation}) 20... Nc6 $36 {Kb7, Rf8 with amazing play for Black.}) 20. O-O-O
(20. c4 $5 {followed by O-O (or Kf2), Rac1 and eventually d5 could be an idea
to build a direct attack against Black's king.}) 20... Qd5 21. Qg4 Kd7 $2 {
Correct plan, bad timing.} (21... Qa2 $1 {was the correct order:} 22. Qg8+ Kd7
{transposing to the game.}) 22. Qg8 $2 (22. Bxh6 $1 {was missed by both
players, after what Black would have needed to seek for a quick compensation
in order to survive.} Nc6 (22... Qa2 $2 23. d5 Bxd5 24. Rxd5+ $18) (22... Rxh6
$2 23. Qg7 $18) 23. Bg7 {with Bf6-h6 to follow} Ne7 24. h6 Qa2 25. Ng5 Qxa3+
26. Kd2 Qb4+ 27. Ke2 {when White escapes from the checks and needs to take
some care to avoid real counterplay:} Qc4+ 28. Ke1 Qxc2 (28... Qc3+ 29. Rd2
Rxg7 30. hxg7 Rg8 31. Nh7 Qa1+ 32. Qd1 Qxd1+ 33. Kxd1 Rxg7 34. Nf6+ Kc6 35. c4
$18) 29. Nxh7 Qxh7 30. Rf1 Ke8 31. Rd2 $1 $18 {/\ Qh5} (31. Qh5 $2 Qe4+ $132))
22... Qa2 $1 23. Bc3 Be4 24. Bb2 Qc4 25. Rd2 Na6 26. Qg4 Bd5 $13 {Once again,
it's hard to evaluate the position. Black maintains his strong central
blockade, but in the other hand, h6 is still a problem, and will be for a long
time.} 27. Rd3 {/\ Nd2, Kb1, c4} Qc6 28. Nd2 Rf8 29. Rc3 (29. Kb1 $5 {/\ c4}
Rhh8 $1 30. c4 $6 Bxc4 31. Rc3 Rhg8 $1 32. Qh3 b5 $13 {and with the Q on g4,
now d5! would work, since after 33.d5 Qxd5 34.Nxc4 bxc4 35.Rd1 wins} 33. d5)
29... Qb7 30. Re3 b5 31. Ne4 $1 {An interesting positional decision. The
b2-bishop is passive for now, but slowly White will break down Black's central
blockade and get real attacking chances.} Bxe4 32. Rxe4 c6 {Aiming for Nc7-d5.}
33. Bc3 (33. Qg3 $1 Nc7 34. Rg4 Nd5 35. Rg7 Rhh8 36. Rf1 Kc8 37. Qf3 Qd7 38.
Bc3 $1 $16 {now Bb4/Bd2 coming adds pressure to Black's restrained position,
that will soon fall apart. The d5-N itself is a strong piece, but can't solve
all problems.}) 33... Qc8 34. Rf1 Rg8 35. Qh3 Nc7 36. Ref4 Rgg7 {This bizarre
defensive method proves to be effective, since Nd5 and Qg8 will follow,
creating some kind of harmony.} 37. Bb4 Nd5 38. R4f2 Qg8 39. Bc5 a5 40. Qd3 a4
(40... Rxg2 $1 {forces an endgame, leaves black king out of danger and gives
Black amazing counterplay:} 41. Qxh7 Qxh7 42. Rxf7+ Qxf7 43. Rxf7+ Ke8 44. Rf8+
Kd7 45. Rh8 Ne3 $132) 41. g4 Qd8 $6 (41... Rxg4 $1 {similar to 40...Rxg2:} 42.
Qxh7 Qxh7 43. Rxf7+ Qxf7 44. Rxf7+ Ke8 45. Rf8+ Kd7 46. Rh8 Rg1+ 47. Kb2 Ne3 $1
$132) 42. c4 Qg5+ $2 (42... bxc4 $5 43. Qxc4 Qa5 {the black queen controls
some important squares near the black king from a5. Qc3+ is also an idea,
forcing the endgame, and making both Black's rooks not so miserable anymore (..
.Rxg4 will come, and the strong N on d5 compensates the h6-weakness)}) 43. Rd2
$6 (43. Kb1 $1 bxc4 44. Qxc4 $18 {Now Rb2 comes with decisive effects.}) 43...
bxc4 44. Qxc4 Qe3 45. Qa6 $2 (45. Qxa4 $142 Rxg4 (45... Qc3+ $2 46. Rc2 $1 {
the key} Qa1+ 47. Kd2 Qxf1 48. Qa7+ Nc7 49. Bd6 {and White runs from the
perpetual easily:} Qf2+ 50. Kc3 Qe3+ 51. Kb2 $18) 46. Qa7+ $40) 45... Nc7 $1
46. Qxa4 (46. Qb7 Qc3+ 47. Rc2 Qa1+ 48. Kd2 Qxf1 49. Bd6 Qf4+ $1 {now the
a4-pawn makes it a draw:} 50. Kd3 Qf3+ 51. Kc4 $4 (51. Kd2 $11) 51... Qb3+ $19)
46... Rxg4 47. Qc2 Rg2 {The worst has passed for Nakamura, now a double-edged
endgame (that should be around equal) takes place:} 48. d5 Qxd2+ 49. Qxd2 Rxd2
50. Kxd2 exd5 51. Be3 Ne6 52. Rf6 Rg7 53. Bxh6 Rg2+ 54. Ke1 Ke7 55. Rf2 Rg1+
56. Rf1 Rg3 57. Rh1 $2 {Probably in time trouble, White overstimates the
strength of his own h-P.} (57. Bc1 $142 Rh3 58. h6 $13 {now the a-P helps to
create counterplay.}) 57... Rxa3 58. Bc1 Ra1 59. Kf2 Ra2+ 60. Kg3 Kf8 $1 $19 {
Finally, this should be over. Black plays Kg8-Kh7 to stop White's P, and then
advances his own passed Ps.} 61. h6 Kg8 62. Rf1 Ra7 63. Rd1 Rd7 64. Kg4 c5 65.
Kf5 Kh7 66. Be3 d4 67. Bf2 c4 68. Ke4 c3 69. Kd3 Nc5+ 70. Kc4 c2 71. Rc1 d3 72.
Be3 Ne4 73. Kb3 d2 74. Bxd2 Rxd2 75. Rxc2 Rxc2 76. Kxc2 Kxh6 {A very
complicated game, with a rare structure/piece formation, but well conducted by
both of the players during a great part of the game, showing why they are
among the best in the world.} 0-1